000 00826nas a2200289 4500
001 BR0702575
003 BR-BrBNA
005 20231205110806.0
007 ta
008 230509b bl.|||p| |||| 00| 00por d
040 _aBR-BrBNA
_bpor
_cBiblioteca Nacional de Agricultura
041 _a(Pt)
072 _aP34
100 1 _aXavier, T.F.
100 1 _aAraújo, A.S.F. de
100 1 _aSantos, V.B. dos
100 1 _aCampos, F.L.
245 1 _aOntogenia da nodulação em duas cultivares de feijão-caupi
650 _aFEIJÃO DE CORDA
650 _aVARIEDADE
650 _aNODULAÇÃO
650 _aFERTILIZANTE
650 _aRHIZOBIUM
773 0 _tCiência Rural (Brazil)
_xISSN 0103-8478
_g(Mar-Apr 2007), v. 37(2) p. 561-564
_wBR0702575
909 _a202311
_bLúcia
_c55
_dLúcia Elande
942 _2AGRIS
_n0
_cANA
999 _c189080
_d189080